| 000 | 00654nam a22002417a 4500 | ||
|---|---|---|---|
| 003 | UA-OsUOA | ||
| 001 | 33728 | ||
| 007 | ta | ||
| 008 | 20050908b un ||||| |||| 00| 0 ukr d | ||
| 100 | _aГольбах П. | ||
| 090 |
_a2(038) _bГ63 |
||
| 942 | _cBK | ||
| 040 |
_aUA-OsUOA _brus _cUA-OsUOA _dUA-OsUOA |
||
| 245 | _aКарманное богословие | ||
| 300 | _a205 с. | ||
| 955 | _a1 | ||
| 041 | _arus | ||
| 080 | _a2(038) | ||
| 260 |
_aМ. _bПолитиздат _c1961 |
||
| 246 | 3 | 1 |
_aКраткий словарь христианской религии _n |
| 650 | 7 |
_a2 Релігія. Теологія. _2UDC |
|
| 999 |
_c320181 _d320181 |
||